| 000 | 05064nam a2200421 a 4500 | ||
|---|---|---|---|
| 001 | dia_1306 | ||
| 003 | CHAP | ||
| 005 | 20250618130422.0 | ||
| 007 | ta | ||
| 008 | 220117s1971 sp ado fr 001 0 spa d | ||
| 010 | _a171854 | ||
| 040 |
_cCHAP _amxchpua _erda |
||
| 041 |
_aspa _bspa _fspa _heng |
||
| 050 | 1 |
_aQP514 _b.M34 1971 |
|
| 082 |
_220 _a574.192 _bM34 1971 |
||
| 100 | 1 |
_aMahler, Henry R. _969880 |
|
| 240 | 1 | 0 |
_aBiological chemistry. _lEspañol |
| 245 | 1 | 0 |
_aQuímica biológica / _cHenry R. Mahler y Eugene H. Cordes ; traductores Bernabé Sanz Pérez, Justino Burgos González y David Ordóñez Escudero |
| 250 | _a1a edición | ||
| 264 |
_aEspaña : _bOmega, _c1971 |
||
| 300 |
_axv, 893 páginas : _bilustraciones, gráficas, diagramas, tablas, fotos |
||
| 336 |
_2rdacontent _atexto _btxt |
||
| 337 |
_2rdamedia _ano mediado _bn |
||
| 338 |
_2rdacarrier _avolumen _bnc |
||
| 504 | _aIncluye bibliografías | ||
| 505 | 0 | _aPrólogo -- 1. Historia y fines de la bioquímica -- 2. Proteínas: clasificación, propiedades, purificación -- 3. Organización estructural de las proteínas -- 4. Ácidos nucleicos -- 5. Termodinámica y equilibrios en las transformaciones bioquímicas -- 6. Cinética enzimática -- 7. Mecanismo de la acción enzimática -- 8. Coenzimas -- 9. Organización intracelular y partículas subcelulares -- 10. El metabolismo de los hidratos de carbono -- 11. Fotosíntesis -- 12. La oxidación de los ácidos grasos y degradación de los lípidos complejos -- 13. Ciclo del ácido cítrico -- 14. Oxidaciones biológicas -- 15. Biosíntesis de lípidos -- 16. Metabolismo de los aminoácidos -- 17. Metabolismo de los ácidos nucleicos -- 18. Biosíntesis de proteínas -- Índice alfabético | |
| 520 | 2 | _aEste libro intenta proporcionar una visión clara, completa y al día de los campos fundamentales del conocimiento- de la bioquímica. Por ello incluye estudios detallados de la fisicoquímica de las. biomacromoléculas; de la termodinámica, de la cinética y de los mecanismos de las reacciones enzimáticas; de la organización subcelular; del metabolismo intemediario de los principales tipos de sustancias químicas, y de algunos aspectos seleccionados de biología molecular. Los autores han puesto todo su empeño en que el contenido, organización y profundidad de los conocimientos que en este libro se exponen sean de la mayor utilidad para los estudiantes. Se han omitido algunos aspectos habitualmente tratados en los textos de bioquímica, por ejemplo, se prescinde del estudio específico de la química de los hidratos de carbono, ya que en los cursos básicos de química se dispone de una abundante información sobre este tema y asímismo porque se estudia a tondo en muchos libros de texto de química orgánica y bioquímica. lgualmente se ha prescindido de otros problemas con el fin de que el libro resultase de tamaño manejable. Tampoco hemos podido tratar algunos aspectos importantes de química fisiológica, como, por ejemplo, la visión, la contracción muscular, la conducción nerviosa y las acciones hormonales. Sin embargo, confiamos en que el estudiante que haya aprendido los fundamentos expuestos en este volumen se encuentre en condiciones de estudiar otros muchos íntimamente relacionados con los primeros, en fuentes o libros distintos. Pero consideramos conveniente proporcionar al estudiante un buen conocimiento de las propiedades químicas y físicas de las biomacromoléculas, asi como de las características de las reacciones químicas en que esta implicadas, antes de referirnos específicamente al metabolismo intermediario; de aquí que el libro siga la disposición antes indicada. Los aspectos de máxima importancia en la física y química orgánica preceden a los que están más íntimamente relacionados con las disciplinas biológicas. Dispone esta forma la distribución del libro permite, además, la organización en de un curso de bioquímica de una duración de dos a tres semestres. Algunos conceptos estudiados al comienzo del texto, en especial las propiedades físicas de las proteínas, los mecanismos enzimáticos y el control de la actividad enzimática, se tratan, con mucha más extensión, en los últimos capítulos. Así, el estudio de los mecanismos enzimáticos en el capitulo 7 es de tipo general, mientras que la mayor parte de los diversos mecanismos individuales se estudian más adelante. Por ello, en el capítulo 10 se presenta el posible mecanismo de casi cada uno de los enzimas encontrados al estudiar el metabolismo de los hidratos de carbono. | |
| 650 | 1 | 3 |
_aBioquímica _912849 _2atg |
| 650 | 1 | 3 |
_aBiochemistry _9150448 _2atg |
| 700 | 1 |
_aCordes, Eugene H. _9150481 _eautor |
|
| 700 | 1 |
_aSanz Pérez, Bernabé _9150473 _etraductor |
|
| 700 | 1 |
_aBurgos González, Justino _9147760 _etraductor |
|
| 700 | 1 |
_aOrdoñez Escudero, David _9190685 _etraductor |
|
| 901 | _a574.192 M34 1971 | ||
| 902 | _aM | ||
| 905 | _a0000001971 SP 0000000000SPA00 | ||
| 942 |
_cLIBRO _2ddc |
||
| 999 |
_c171854 _d171854 |
||